Pętle i przystanki końcowe MKS Krosno - Statystyki

Ogólne statystyki
  • Ten quiz został rozwiązany 27 razy
  • Średni wynik to 10 z 39
Statystyki odpowiedzi
Odpowiedź % Poprawnych
Dworzec
68%
Męcinka
63%
Osiedle Traugutta
58%
Korczyna Rynek
47%
Plac Monte Cassino
47%
Przybówka
47%
Jedlicze Rynek
37%
Łęki Strzyżowskie
37%
Zalesie
37%
Iskrzynia Zagórze
32%
Jedlicze Nawrót
32%
Szpital Wojewódzki
32%
BWI
26%
Długie
26%
Głowienka Dom Ludowy
26%
Kampus PANS
26%
Łężany Przedszkole
26%
Polanka Osiedle
26%
Potakówka
26%
Suchodół Góra
26%
Turaszówka Klonowa
26%
Korczyna Sporne
21%
Odrzykoń Głębokie
21%
Odrzykoń Podzamcze
21%
Polanka Baczyńskiego
21%
Polanka Dom Ludowy
21%
Wierzbowa
21%
Żeglce
21%
Dobieszyn Sklep
16%
Huta Techniczna
16%
Iskrzynia Kościół
16%
Odrzykoń Mała Strona
16%
Polanka Zakłady
16%
Targowiska Casablanka
11%
Turaszówka Kościół
11%
Jedlicze ul. Głowackiego
5%
Targowiska Szkoła
5%
Tłoki Sklep
5%
Krościenko ul. Północna
0%
Nie znaleziono quizów pasujących do podanych kryteriów
Rozkład punktacji
Procent ludzi z każdym wynikiem
Percentyl według liczby udzielonych odpowiedzi
Twoja historia wyników
Nie rozwiązałeś tego quizu